| 000 | 00734nam a2200265Ia 4500 | ||
|---|---|---|---|
| 005 | 20250425162041.0 | ||
| 008 | 250425s9999 xx 000 0 und d | ||
| 041 | _aspa | ||
| 082 | _a664 | ||
| 100 | _aJAMIESON, JOHN A. | ||
| 245 | 0 | _aMANEJO DE LOS ALIMENTOS: PREVENCION DE PERDIDAS | |
| 250 | _a1A ED. | ||
| 260 | _aMEXICO | ||
| 260 |
_aMéxico _bPAX-MEXICO _c1976 |
||
| 300 | _a564 | ||
| 500 | _aConsultar inv.22323 V.3 en BIBTEC | ||
| 500 | _aTítulo Traducido: FOOD STORAGE MANUAL. STORAGE PRACTICE | ||
| 650 | _aALMACENAMIENTO DE ALIMENTOS | ||
| 650 | _aCONSERVACION DE ALIMENTOS | ||
| 650 | _aFUMIGACION | ||
| 650 | _aINSPECCION DE ALIMENTOS | ||
| 700 | _aJOBBER, PETER | ||
| 942 | _c01 | ||
| 010 | _a43410 | ||
| 999 |
_c221349 _d221349 |
||